[Event "Saratov Autumn Higher School Realty"]
[Site "Saratov"]
[Date "2012.09.26"]
[Round "6.6"]
[White "Golovchanskaya, Alina"]
[Black "Efimov, Ivan"]
[Result "0-1"]
[WhiteElo "1562"]
[BlackElo "2139"]
[PlyCount "66"]
[EventDate "2012.09.20"]
[EventType "swiss"]
[EventRounds "9"]
[EventCountry "RUS"]
[SourceTitle "EXT 2022"]
[Source "ChessBase"]
[SourceDate "2021.10.06"]
[SourceVersion "1"]
[SourceVersionDate "2021.10.06"]
[SourceQuality "1"]

1. d4 d5 2. c4 e6 3. Nc3 Nf6 4. Nf3 Nbd7 5. Bg5 c6 6. e3 Qa5 7. Qc2 Bb4 8. Nd2 0-0 9. Bd3 dxc4 10. Bxh7+ Nxh7 11. h4 b5 12. g4 e5 13. f4 exd4 14. exd4 Re8+ 15. Kf2 Qb6 16. Nf3 Ndf6 17. Bxf6 Nxf6 18. g5 Ng4+ 19. Kg3 Ne3 20. Qd2 Bf5 21. h5 Bd3 22. g6 fxg6 23. hxg6 Nf5+ 24. Kg4 Re2 25. Nd5 Bxd2 26. Nxb6 Rg2+ 27. Kh3 Rg3+ 28. Kh2 axb6 29. Nxd2 Re8 30. Rae1 Ree3 31. Nf1 Rh3+ 32. Kg2 Nh4+ 33. Kf2 Rhf3+ 0-1

[Event "Saratov Autumn Higher School Realty"]
[Site "Saratov"]
[Date "2012.09.21"]
[Round "2.2"]
[White "Shirobokov, Daniil"]
[Black "Efimov, Ivan"]
[Result "0-1"]
[WhiteElo "1837"]
[BlackElo "2139"]
[PlyCount "80"]
[EventDate "2012.09.20"]
[EventType "swiss"]
[EventRounds "9"]
[EventCountry "RUS"]
[SourceTitle "EXT 2022"]
[Source "ChessBase"]
[SourceDate "2021.10.06"]
[SourceVersion "1"]
[SourceVersionDate "2021.10.06"]
[SourceQuality "1"]

1. e4 c5 2. Nf3 Nc6 3. Bb5 Qc7 4. 0-0 e6 5. Re1 Nge7 6. c3 a6 7. Bf1 d5 8. exd5 Nxd5 9. d4 cxd4 10. Nxd4 Be7 11. Nd2 Nxd4 12. cxd4 0-0 13. Ne4 b5 14. Bd3 Rd8 15. Ng5 Nf6 16. Qf3 Bb7 17. Bxh7+ Kf8 18. Be4 Bxe4 19. Rxe4 Rac8 20. Be3 Bd6 21. Rxe6 Qd7 22. Rxf6 gxf6 23. Qxf6 Kg8 24. Qh6 Qf5 25. g4 Qg6 26. Qh3 Re8 27. f4 Qd3 28. Bf2 Qxh3 29. Nxh3 Rc2 30. b3 Ree2 31. a4 b4 32. Bg3 Rc3 33. Rb1 Ree3 34. Nf2 Rxb3 35. Rc1 Rbc3 36. Rb1 Rc2 37. Nd1 Re4 38. Nf2 Rxd4 39. Nh1 Bxf4 40. Be1 Bxh2+ 0-1

[Event "Saratov Shestoperov Memorial"]
[Site "Saratov"]
[Date "2012.08.25"]
[Round "2"]
[White "Iljushina, Olga"]
[Black "Efimov, Ivan"]
[Result "1-0"]
[WhiteElo "2340"]
[BlackElo "2139"]
[PlyCount "93"]
[EventDate "2012.08.25"]
[EventType "swiss"]
[EventRounds "9"]
[EventCountry "RUS"]
[SourceTitle "CBM 150 Extra"]
[Source "ChessBase"]
[SourceDate "2012.10.19"]
[SourceVersion "1"]
[SourceVersionDate "2012.10.19"]
[SourceQuality "1"]

1. d4 Nf6 2. c4 d6 3. Nf3 g6 4. Nc3 Bg7 5. Bf4 0-0 6. e3 Nbd7 7. h3 Re8 8. Be2 c6 9. 0-0 a6 10. b4 b5 11. cxb5 axb5 12. a4 bxa4 13. Rxa4 Bb7 14. Qb3 Nb6 15. Rxa8 Qxa8 16. Qb2 Nfd5 17. Ra1 Qb8 18. Bg3 Nxc3 19. Qxc3 Nd5 20. Qd2 Ba8 21. e4 Nc7 22. Bc4 Qb6 23. Qa2 Rf8 24. Qa7 Qxb4 25. Bxf7+ Rxf7 26. Qxc7 Qb7 27. Qxb7 Bxb7 28. Ra7 Bc8 29. Rc7 Rf8 30. Rxe7 d5 31. Be5 Bh6 32. Ng5 Rd8 33. Nf7 Bf8 34. Nxd8 Bxe7 35. Nxc6 Ba3 36. exd5 Bb7 37. Kf1 Kf8 38. Ke2 Ke8 39. Ke3 Kd7 40. Ke4 Bf8 41. g4 Kc8 42. h4 Kd7 43. Na5 Ba6 44. Nb3 Bf1 45. Nc5+ Kc8 46. d6 Bb5 47. Ne6 1-0

[Event "Saratov op 07"]
[Site "Saratov"]
[Date "2012.07.10"]
[Round "7"]
[White "Berezhnov, Dmitry"]
[Black "Efimov, Ivan"]
[Result "0-1"]
[WhiteElo "1882"]
[BlackElo "2157"]
[PlyCount "138"]
[EventDate "2012.07.02"]
[EventType "swiss"]
[EventRounds "9"]
[EventCountry "RUS"]
[SourceTitle "CBM 149 Extra"]
[Source "ChessBase"]
[SourceDate "2012.08.24"]
[SourceVersion "1"]
[SourceVersionDate "2012.08.24"]
[SourceQuality "1"]

1. d4 Nf6 2. c4 e6 3. Nc3 Bb4 4. e3 0-0 5. Bd3 d5 6. Nf3 c5 7. 0-0 Nc6 8. a3 Ba5 9. Ne2 dxc4 10. Bxc4 Qe7 11. Qc2 cxd4 12. Nexd4 Bd7 13. Rd1 Rac8 14. b4 Nxd4 15. Nxd4 Bc7 16. Qe2 e5 17. Nb5 Bb8 18. e4 a6 19. Nc3 Bg4 20. f3 Qc7 21. Nd5 Qxc4 22. Qxc4 Rxc4 23. Nxf6+ gxf6 24. fxg4 Rxe4 25. Rd7 b5 26. Bh6 Rc8 27. h3 Rd4 28. Rb7 Rd6 29. Be3 Kg7 30. Rf1 Rdc6 31. g5 Bc7 32. gxf6+ Kg6 33. g4 Bd8 34. Rf5 Bxf6 35. h4 h6 36. h5+ Kg7 37. g5 hxg5 38. Bxg5 Re8 39. h6+ Kg6 40. Rxf6+ Rxf6 41. Bxf6 Kxf6 42. Kf2 Kg6 43. h7 f6 44. Ra7 Rh8 45. Rxa6 Rxh7 46. Rb6 Rh3 47. Rxb5 Rxa3 48. Rb8 Rb3 49. b5 Kf5 50. b6 Kf4 51. b7 Rb2+ 52. Ke1 f5 53. Kf1 Ke4 54. Ke1 f4 55. Kf1 f3 56. Kg1 Rg2+ 57. Kf1 Rb2 58. Kg1 Ke3 59. Re8 Rb1+ 60. Kh2 Rxb7 61. Rxe5+ Kf2 62. Rh5 Kf1 63. Rc5 Re7 64. Kg3 f2 65. Rc1+ Re1 66. Rc2 Re3+ 67. Kf4 Ra3 68. Rc1+ Kg2 69. Rc2 Kg1 0-1

[Event "Saratov op 07"]
[Site "Saratov"]
[Date "2012.07.09"]
[Round "6"]
[White "Karpenko, Artem"]
[Black "Efimov, Ivan"]
[Result "1-0"]
[WhiteElo "1950"]
[BlackElo "2157"]
[PlyCount "119"]
[EventDate "2012.07.02"]
[EventType "swiss"]
[EventRounds "9"]
[EventCountry "RUS"]
[SourceTitle "CBM 149 Extra"]
[Source "ChessBase"]
[SourceDate "2012.08.24"]
[SourceVersion "1"]
[SourceVersionDate "2012.08.24"]
[SourceQuality "1"]

1. e4 e5 2. Bc4 Nf6 3. d3 c6 4. Nf3 Be7 5. Nc3 0-0 6. 0-0 d6 7. h3 Nbd7 8. Be3 b6 9. Qe2 Bb7 10. Bb3 Nc5 11. Rad1 a5 12. Bxc5 bxc5 13. Nh2 g6 14. Ng4 Nh5 15. g3 Bc8 16. Kg2 Ra7 17. Qf3 Kg7 18. Ne3 Kh8 19. Ne2 Bg5 20. Ba4 Qd7 21. Rh1 Ng7 22. c3 Rb7 23. b3 Qc7 24. d4 Be6 25. d5 cxd5 26. Nxd5 Bxd5 27. Rxd5 f5 28. Rhd1 Rb6 29. Qd3 fxe4 30. Qxe4 Qf7 31. Rf1 Nf5 32. Rdd1 Rd8 33. f4 d5 34. fxg5 dxe4 35. Rxd8+ Kg7 36. Rd7 Ne3+ 37. Kg1 Qxd7 38. Bxd7 Nxf1 39. Kxf1 Rd6 40. Bb5 e3 41. Kg2 e4 42. g4 Rd2 43. a4 Kf7 44. Bc4+ Ke7 45. Kg3 Rd1 46. Kf4 Rh1 47. Kxe3 Rxh3+ 48. Kxe4 Kd6 49. Bg8 Rh1 50. Ng3 Rh3 51. Kf4 Rh2 52. Ne4+ Kc6 53. Nf6 h6 54. gxh6 Rxh6 55. Kg5 Rh3 56. Kxg6 Rxc3 57. g5 Rg3 58. Kh6 Rh3+ 59. Kg7 Kd6 60. g6 1-0